[Event "FIN-SWE"]
[Site "FIN"]
[Date "1993.??.??"]
[Round "2"]
[White "Ornstein, Axel"]
[Black "Valkesalmi, Kimmo"]
[Result "1-0"]
[WhiteElo "2440"]
[BlackElo "2355"]

1.d4 d5 2.c4 Nc6 3.Nc3 dxc4 4.d5 Ne5 5.Bf4 Ng6 6.Bg3 e5 7.e4 a6 8.Bxc4 Bd6
9.Nf3 Nf6 10.O-O Bg4 11.h3 Bxf3 12.Qxf3 h5 13.Nd1 h4 14.Bh2 Nh5 15.Ne3 Ngf4
16.Rfc1 g6 17.Bf1 Qg5 18.Qg4 Qe7 19.Nc4 Nf6 20.Qf3 Nd7 21.Nxd6+ Qxd6 22.Rc2 Rc8
23.Rac1 O-O 24.Qb3 Nb6 25.Kh1 Rfe8 26.a4 a5 27.Qb5 Re7 28.b3 Ra8 29.Qc5 Nh5
30.Be2 Ng7 31.Qxd6 cxd6 32.Bg1 Ne8 33.f3 Nd7 34.Bb5 Nc5 35.Bxc5 dxc5 36.Bxe8 Rexe8
37.Rxc5 Kg7 38.Rc7 b5 39.Rb7 bxa4 40.bxa4 Rac8 41.Rxc8 Rxc8 42.Rb5 Rc1+ 43.Kh2 f5
44.d6 Kf6 45.Rd5 Rc8 46.Rxa5 fxe4 47.fxe4 Ke6 48.Rd5  1-0

[Event "Oberliga Nord O9394"]
[Site "Germany"]
[Date "1993.??.??"]
[Round "?"]
[White "Panchenko, Alexandar G"]
[Black "Muse, Drazen"]
[Result "1-0"]
[WhiteElo "2515"]
[BlackElo "2300"]

1.d4 d5 2.c4 Nc6 3.Nc3 e5 4.cxd5 Nxd4 5.e3 Nf5 6.Bb5+ Bd7 7.Bxd7+ Qxd7 8.Nf3 Bd6
9.O-O Nf6 10.e4 Ne7 11.Bg5 Ng6 12.Nh4 Nxh4 13.Bxh4 Ng8 14.Qb3 Rb8 15.Nb5 a6
16.Nxd6+ Qxd6 17.Qg3 Kf8 18.f4 Re8 19.fxe5 Rxe5 20.Qf2 Qb6 21.Qxb6 cxb6 22.Rac1 f6
23.Rc8+ Re8 24.Rfc1 Ke7 25.R1c7+ Kd6 26.Bg3+  1-0

[Event "Groningen op"]
[Site "Groningen"]
[Date "1993.??.??"]
[Round "2"]
[White "Neverov, Valeriy"]
[Black "Feldman, Steven"]
[Result "0-1"]
[WhiteElo "2535"]
[BlackElo "2275"]

1.d4 d5 2.c4 Nc6 3.e3 e5 4.cxd5 Qxd5 5.Nc3 Bb4 6.Bd2 Bxc3 7.bxc3 exd4 8.cxd4 Nge7
9.Nf3 Bg4 10.Be2 O-O 11.O-O Rad8 12.Rb1 b6 13.Qa4 Be6 14.Rb2 Rd6 15.Rc1 Bd7
16.Qc4 Be6 17.Qd3 Bf5 18.Qa3 h6 19.Rb5 Qe4 20.Bf1 Ng6 21.Bb4 Nxb4 22.Rxb4 Rc6
23.Nd2 Qe8 24.Rbc4 Bd7 25.Qxa7 Qe6 26.Rxc6 Bxc6 27.Qxc7 Bd5 28.a4 Nh4 29.e4 Bxe4
30.Re1 Qc6 31.Qf4 Bxg2 32.Qxh4 Bxf1 33.Nxf1 Qxa4 34.Ng3 Qb4 35.Qe4 b5 36.Nf5 Qc4
37.d5 Qc3 38.d6 Qf6 39.d7 g6  0-1

[Event "Hamburg-ch"]
[Site "Hamburg"]
[Date "1993.??.??"]
[Round "?"]
[White "Hegeler, Frank"]
[Black "Maahs, Erich"]
[Result "0-1"]
[WhiteElo "2215"]
[BlackElo "2280"]

1.d4 d5 2.c4 Nc6 3.Nf3 e5 4.dxe5 d4 5.g3 Nge7 6.Bg2 Ng6 7.Bg5 Be7 8.Bxe7 Qxe7
9.O-O Qc5 10.Nbd2 Bg4 11.Nb3 Qxc4 12.Rc1 Qb4 13.Rxc6 bxc6 14.Nfxd4 O-O 15.Nxc6 Qb6
16.Qd4 Be6 17.Nc5 Rae8 18.f4 Ne7 19.Nxe7+ Rxe7 20.f5 Bc8 21.f6 Rd7 22.Qe3 Rfd8
23.e6 fxe6 24.Qxe6+ Rf7 25.Qc4 Qd6 26.e3 gxf6 27.Ne4 Qe6 28.Nxf6+ Rxf6  0-1

[Event "Hamburg-ch"]
[Site "Hamburg"]
[Date "1993.??.??"]
[Round "?"]
[White "Michaelsen, Nils"]
[Black "Maahs, Erich"]
[Result "1-0"]
[WhiteElo "2415"]
[BlackElo "2280"]

1.d4 d5 2.c4 Nc6 3.Nc3 e5 4.cxd5 Nxd4 5.e3 Nf5 6.e4 Nd4 7.f4 Bd6 8.Nb5 Nxb5
9.Bxb5+ Bd7 10.Bxd7+ Qxd7 11.fxe5 Bxe5 12.Nf3 Bd6 13.O-O Nf6 14.Qc2 Ng4 15.Qc3 f6
16.h3 Ne5 17.Nd4 O-O 18.Bf4 Ng6 19.Bxd6 Qxd6 20.Rac1 Rf7 21.Kh1 a6 22.Qb3 Re8
23.Qxb7 Rxe4 24.Nf5 Qd7 25.d6 c6 26.Qxc6 Qe6 27.Qxa6 Nf8 28.Qc8 Rd7 29.Qa8 g6
30.Rc8 gxf5 31.Rxf8+ Kg7 32.Rh8 Qxd6 33.b3 Kh6 34.Rc8 Rg7 35.Rc6 Qe5 36.Rxf6+ Qxf6
37.Qxe4 fxe4 38.Rxf6+ Kg5 39.Rf8 Ra7 40.a4 Rb7 41.a5 Rxb3 42.Kh2 Ra3 43.Ra8 Kf4
44.a6 e3 45.a7 e2 46.Rf8+ Kg5 47.Re8 Rxa7 48.Rxe2 Ra3 49.Re5+ Kg6 50.Kg1 Ra2
51.Kf1 h6 52.Re2 Ra3 53.Kf2 Kf5 54.Re3 Ra6 55.Kf3 Ra5 56.g4+ Kf6 57.h4 Ra1
58.Rd3 Ra6 59.Rd4 Rb6 60.Kf4 Ra6 61.h5 Rb6 62.Rd7 Rb4+ 63.Kg3 Rb3+ 64.Kh4 Rb6
65.Rh7 Ke5 66.Rg7 Re6 67.g5 Ra6 68.gxh6 Rxh6 69.Kg5 Rh8 70.h6 Ke6 71.h7  1-0

[Event "Katowice op"]
[Site "Katowice"]
[Date "1993.??.??"]
[Round "3"]
[White "Shumiakina, Tatiana"]
[Black "Zemerov, Vladimir"]
[Result "1/2-1/2"]
[WhiteElo "2305"]
[BlackElo "2455"]

1.d4 d5 2.c4 Nc6 3.Nf3 Bg4 4.cxd5 Bxf3 5.gxf3 Qxd5 6.e3 e6 7.Nc3 Qh5 8.f4 Qxd1+
9.Kxd1 O-O-O 10.Bg2 Nge7 11.Ke2 f5 12.Bd2 Nd5 13.Rhc1 Be7 14.a3 Bf6 15.Rab1 Rhe8
16.b4 Nxc3+ 17.Rxc3 Ne7 18.Rbc1 Rd7 19.a4 Nd5 20.R3c2 Kb8 21.b5 Be7 22.Bf3 Rf8
23.Rg1 Bf6 24.Rgc1 Be7 25.Rg1 Bf6 26.Rgc1  1/2-1/2

[Event "Liechtenstein op"]
[Site "Liechtenstein"]
[Date "1993.??.??"]
[Round "2"]
[White "Chiong, Luiz"]
[Black "Grabher, Heinz"]
[Result "0-1"]
[WhiteElo "2390"]
[BlackElo "2165"]

1.d4 d5 2.c4 Nc6 3.Nc3 dxc4 4.d5 Na5 5.Qa4+ c6 6.b4 b5 7.Qc2 cxd5 8.bxa5 Qxa5
9.Bd2 b4 10.Nxd5 Qxd5 11.Bxb4 e5 12.Bc3 Nf6 13.Rd1 Qe6 14.e3 Bd7 15.Nf3 Bd6
16.Ng5 Qe7 17.Bxc4 O-O 18.O-O Rac8 19.Qd3 Bb8 20.Ba1 Ba4 21.Bb3 Bc6 22.f3 Qb7
23.Rb1 Qe7 24.Rfd1 a6 25.Kh1 h6 26.Ne4 Nxe4 27.fxe4 Bb5 28.Qd2 Rfd8 29.Bd5 Bd6
30.Rbc1 Ba3 31.Rxc8 Rxc8 32.h3 Bb4 33.Qf2 a5 34.Qf5 Re8 35.Bb3 a4 36.Rd7 Bxd7
37.Qf3 axb3 38.axb3 Rc8  0-1

[Event "Liechtenstein op"]
[Site "Liechtenstein"]
[Date "1993.??.??"]
[Round "8"]
[White "Skomorokhin, Roman"]
[Black "Grabher, Heinz"]
[Result "1/2-1/2"]
[WhiteElo "2460"]
[BlackElo "2165"]

1.d4 d5 2.c4 Nc6 3.cxd5 Qxd5 4.e3 e5 5.Nc3 Bb4 6.Bd2 Bxc3 7.bxc3 exd4 8.cxd4 Nf6
9.Qf3 Bf5 10.Qxd5 Nxd5 11.a3 O-O 12.f3 Bg6 13.Kf2 f5 14.Nh3 Kh8 15.Rb1 Nxe3
16.Rxb7 Nxf1 17.Bc3 Nd8 18.Rxc7 Ne6 19.Rc6 Rfc8 20.Rxe6 Rxc3 21.Rxf1 Rd3
22.Nf4 Rxd4 23.Nxg6+ hxg6 24.Rxg6 Ra4 25.Re1 Kh7 26.Rg5 g6 27.Kg3 Rb8 28.Re6 Rg8
29.h4 Rxa3 30.h5 gxh5 31.Rxg8 Kxg8 32.Re5 Kg7 33.Rxf5 Kg6 34.Rc5 Ra2 35.f4 h4+
36.Kh3 Rf2  1/2-1/2

[Event "London Lloyds"]
[Site "London"]
[Date "1993.??.??"]
[Round "7"]
[White "Arkell, Keith C"]
[Black "Ferron Garcia, Carlos"]
[Result "1/2-1/2"]
[WhiteElo "2475"]
[BlackElo "2345"]

1.d4 d5 2.c4 Nc6 3.Nf3 e5 4.cxd5 Qxd5 5.Nc3 Bb4 6.Bd2 Bxc3 7.Bxc3 exd4 8.Nxd4 Nf6
9.Nxc6 Qxc6 10.Rc1 Qe6 11.g3 O-O 12.Bg2 Re8 13.O-O c6 14.Qa4 Nd5 15.Bd2 Nb6
16.Qd4 Qxa2 17.Rc5 Qe6 18.e4 Nd7 19.Rh5 Nf6 20.Rh4 Qe5 21.Qd3 Be6 22.Bc3 Qg5
23.Rd1 h6 24.e5 Bf5 25.Qe2 Nh7 26.Rb4 Qe7 27.g4 Be6 28.f4 Rad8 29.f5 Rxd1+
30.Qxd1 Bc8 31.Ra4 b5 32.Rd4 c5 33.Rd5 b4 34.Be1 Nf8 35.Bf2 Bb7 36.Rxc5 Bxg2
37.Kxg2 Rd8 38.Qf3 Rd2 39.Ra5 Rxb2 40.f6 gxf6 41.exf6 Qc7 42.Rh5 Ne6 43.Rxh6 Nf4+
44.Kg3 Rd2 45.Kh4 Ng6+ 46.Kh3 Qc3 47.Be3 Rd8 48.Kg2 Rd2+ 49.Kh3 Rd8 50.Kg2 Qd3
51.Qf5 Qxf5 52.gxf5 Ne5 53.Rh3 a5 54.Rg3+  1/2-1/2

[Event "POL-chT"]
[Site "Lubniewice"]
[Date "1993.??.??"]
[Round "?"]
[White "Murdzia, Piotr"]
[Black "Ciemniak, Robert"]
[Result "0-1"]
[WhiteElo "2435"]
[BlackElo "2415"]

1.d4 d5 2.c4 Nc6 3.Nf3 Bg4 4.e3 e5 5.cxd5 Qxd5 6.Be2 Bb4+ 7.Nc3 exd4 8.exd4 Bxf3
9.Bxf3 Qc4 10.Bxc6+ bxc6 11.Qe2+ Qxe2+ 12.Kxe2 Ne7 13.Rd1 O-O-O 14.a3 Ba5
15.Be3 Bb6 16.Rd2 Rd7 17.Rad1 Rhd8 18.g4 f5 19.h3 Re8 20.Kf3 Rf8 21.Kg3 h6
22.d5 Bxe3 23.fxe3 Rfd8 24.gxf5 cxd5 25.Rf2 Rf8 26.Rdf1 Rd6 27.e4 dxe4 28.Nxe4 Rd3+
29.Kh2 Re3 30.Ng3 Rd8 31.f6 gxf6 32.Rxf6 Rdd3 33.Rg1 h5 34.h4 Rd4 35.Nf5 Nxf5
36.Rg8+ Kb7 37.Rxf5 Rxh4+ 38.Kg2 Rc4 39.Rf2 Rd4 40.Rh8 h4 41.Rh7 Red3 42.Re2 Kb6
43.Rh5 c6 44.Kf2 Rg4 45.Re3 Rd2+ 46.Kf3 Rg3+ 47.Ke4 Rxb2 48.Rxh4 Rxe3+ 49.Kxe3 Rb3+
50.Kd2 Rxa3 51.Kc2 Kb5 52.Kb2 Rg3 53.Rf4 c5 54.Rh4 Rg6 55.Rf4 a6 56.Rh4 Rd6
57.Kc3 Rf6 58.Kb3 Rf3+ 59.Kb2 Rg3 60.Kc2 a5 61.Rf4 Rh3 62.Rg4 Rh2+ 63.Kc3 a4
64.Rg8 Rh3+ 65.Kb2 Rb3+ 66.Kc2 Re3 67.Kd2 Rh3 68.Kc2 Kb4 69.Rg4+ c4 70.Rg2 Rc3+
71.Kb2 Rb3+ 72.Kc2 a3 73.Kc1 c3 74.Rg4+ Ka5 75.Rg8 Rb2 76.Ra8+ Kb4 77.Rb8+ Kc4
78.Ra8 a2 79.Ra7 Kd5 80.Ra5+ Kc6  0-1

[Event "Muenster op"]
[Site "Muenster"]
[Date "1993.??.??"]
[Round "3"]
[White "Vorackova, Jarmila"]
[Black "Thiel, Thomas"]
[Result "0-1"]
[WhiteElo "1935"]
[BlackElo "2265"]

1.d4 d5 2.c4 Nc6 3.Nc3 e5 4.dxe5 d4 5.Nd5 Be6 6.e4 dxe3 7.Nxe3 Qxd1+ 8.Nxd1 Nxe5
9.b3 O-O-O 10.Bb2 Bb4+ 11.Nc3 Nf6 12.a3 Nd3+ 13.Bxd3 Bxc3+ 14.Bxc3 Rxd3 15.Bxf6 gxf6
16.Rb1 Re8 17.Ne2 b5 18.O-O bxc4 19.Nf4 Rxb3 20.Nxe6 Rxb1 21.Rxb1 Rxe6 22.Kf1 c3
23.Rc1 Rc6 24.Ke2 c2 25.Kd3 Kb7 26.Rxc2 Rxc2 27.Kxc2 Kb6 28.g4 Kc5 29.Kc3 a5
30.h3 Kd5 31.Kd3 c5 32.f3 c4+ 33.Kc3 Kc5 34.Kc2 Kd4 35.Kd2 c3+ 36.Kc2 Ke3
37.Kxc3 Kxf3 38.Kc4 Kg3 39.Kb5 Kxh3 40.Kxa5 Kxg4 41.Kb6 h5  0-1

[Event "Muenster op"]
[Site "Muenster"]
[Date "1993.??.??"]
[Round "8"]
[White "Kiese, Matthias"]
[Black "Thiel, Thomas"]
[Result "0-1"]
[WhiteElo "2135"]
[BlackElo "2265"]

1.d4 d5 2.c4 Nc6 3.Nc3 e5 4.cxd5 Nxd4 5.e3 Nf5 6.e4 Nd6 7.Nf3 f6 8.Be2 Bd7
9.O-O Ne7 10.Be3 Nec8 11.Nd2 Be7 12.f4 exf4 13.Bxf4 O-O 14.Nf3 Nf7 15.Qb3 Rb8
16.Nb5 Bxb5 17.Bxb5 Bd6 18.Nd4 c6 19.Bxd6 Qxd6 20.Bd3 cxd5 21.exd5 Qb6 22.Qxb6 Nxb6
23.Nf5 Rfd8 24.Bc2 Nxd5 25.Bb3 Kf8 26.Nd4 Nc7 27.Rad1 Rd6 28.Nf5 Rxd1 29.Rxd1 Rd8
30.Rc1 Rd7 31.h3 Ne5 32.Nd4 Rxd4 33.Rxc7 Rd7 34.Rc8+ Ke7 35.Rh8 h6 36.Rg8 Kd6
37.Ra8 a6 38.Bc2 Rc7 39.Be4 Nd7 40.Rg8 Nc5 41.Bc2 Ne6 42.Be4 Ke5 43.Re8 Kxe4
44.Rxe6+ Kd3 45.Rb6 h5 46.h4 Re7 47.Kf2 Kd4 48.a4 Ke5 49.Kf3 Kf5 50.g3 Rd7
51.Rb4 Ke5 52.Ke3 Kd5 53.Rb6 Ke5 54.Rb4 Kd6 55.Rc4 Re7+ 56.Kf3 Rc7 57.Rb4 Kc5
58.Rb3 Rd7 59.Ke3 b6 60.Ra3 Kb4 61.Ke2 Rd5 62.Rc3 Rc5 63.Rd3 Kxa4 64.Rd7 g5
65.Rd6 Rc2+ 66.Kf3 Rxb2 67.Rxf6 Rb3+ 68.Ke4 gxh4 69.gxh4 a5  0-1

[Event "Odorheiu Secuiesc op"]
[Site "Odorheiu Secuiesc"]
[Date "1993.??.??"]
[Round "7"]
[White "Roizen, Nadejda"]
[Black "Popescu, Daniel Dorin"]
[Result "1-0"]
[WhiteElo "2205"]
[BlackElo "2305"]

1.d4 d5 2.c4 Nc6 3.e3 Nf6 4.Nf3 e6 5.a3 dxc4 6.Bxc4 Bd6 7.Nc3 O-O 8.e4 e5
9.d5 Ne7 10.O-O Ng6 11.Qc2 Nh5 12.Bg5 f6 13.Be3 Ngf4 14.Ne2 g5 15.Nxf4 Nxf4
16.g3 Nh3+ 17.Kg2 Qe8 18.Ng1 Nf4+ 19.gxf4 exf4 20.Bd4 f3+ 21.Kxf3 b5 22.Be2 Bxh2
23.Kg2 Bf4 24.Nh3 Qg6 25.Rh1 Bd6 26.Qd3 Bd7 27.Ng1 g4 28.Qe3 h5 29.Bd3 Be5
30.Ne2 Kg7 31.Nf4 Bxf4 32.Qxf4 Rh8  1-0

[Event "Porz op29"]
[Site "Porz"]
[Date "1993.??.??"]
[Round "4"]
[White "Hamboeker, Ralf"]
[Black "Chlaifer, Roman"]
[Result "0-1"]
[WhiteElo "1960"]
[BlackElo "2150"]

1.d4 d5 2.c4 Nc6 3.Nf3 Bg4 4.e3 e6 5.Nc3 Nf6 6.Bd3 Bd6 7.cxd5 exd5 8.O-O O-O
9.a3 Re8 10.b4 Ne4 11.Nxd5 Bxh2+ 12.Kxh2 Qxd5 13.Bxe4 Rxe4 14.Rh1 Re6 15.Kg1 Rg6
16.Kf1 Ne5 17.e4 Qc4+ 18.Qe2 Bxf3 19.gxf3 Qc3 20.Bb2 Qxf3 21.Qxf3 Nxf3 22.Ke2 Ng5
23.Ke3 Re8 24.f3 c6 25.a4 Rf6 26.Rhf1 Rh6 27.Rac1 Rh3 28.e5 f6 29.b5 fxe5
30.dxe5 Rf8 31.bxc6 bxc6 32.Rxc6 Nxf3 33.Rxf3 Rhxf3+ 34.Ke4 R3f4+ 35.Kd5 Rxa4
36.Rc7 Ra5+ 37.Kd6 Ra6+ 38.Kd5 Ra5+ 39.Kd6 Rd8+ 40.Ke7 Rf8 41.Kd6 Ra2 42.Bc3 Rc2
43.e6 Rg2 44.Rxa7 Rg3 45.Be5 Rg5 46.Ra4 Rd8+ 47.Kc7 Rxe5 48.Kxd8 Rxe6 49.Kd7 Re1
50.Kd6 h5 51.Kd5 Kh7 52.Kd4 Kh6 53.Kd3 g6 54.Kd2 Re6 55.Ra5 h4  0-1

[Event "Porz op29"]
[Site "Porz"]
[Date "1993.??.??"]
[Round "8"]
[White "Wuts, Frank"]
[Black "Chlaifer, Roman"]
[Result "1/2-1/2"]
[WhiteElo "1980"]
[BlackElo "2150"]

1.d4 d5 2.c4 Nc6 3.Nf3 Bg4 4.e3 e6 5.Nc3 Bb4 6.a3 Bxc3+ 7.bxc3 Nf6 8.Rb1 Rb8
9.Qa4 O-O 10.Bd3 Qd7 11.O-O dxc4 12.Qxc4 Bxf3 13.gxf3 e5 14.a4 e4 15.Ba3 Rfe8
16.fxe4 Qg4+ 17.Kh1 Qf3+ 18.Kg1 Qg4+ 19.Kh1 Qf3+ 20.Kg1 Nxe4 21.Rb5 Qg4+
22.Kh1 Qf3+ 23.Kg1 a6 24.Bxe4 Qxe4 25.Rc5 Re6 26.Rc1 b6 27.Rg5 Ne5 28.Qxc7 Nf3+
29.Kf1 Rbe8 30.Rg3 Qd3+ 31.Kg2 Nh4+ 32.Kg1 Rf6 33.Qd7 Qe4 34.Qg4 Nf3+ 35.Kg2 Ne1+
36.Kg1 Nf3+ 37.Kh1 Nd2+ 38.Kg1 Nf3+ 39.Kg2 Ne1+  1/2-1/2

[Event "Ptuj-B"]
[Site "Ptuj"]
[Date "1993.??.??"]
[Round "9"]
[White "Tasic, Branislav"]
[Black "Jeric, Simon"]
[Result "0-1"]
[WhiteElo "2245"]
[BlackElo "2365"]

1.d4 d5 2.c4 Nc6 3.Nc3 dxc4 4.Nf3 Bg4 5.d5 Bxf3 6.exf3 Ne5 7.Bf4 Ng6 8.Bxc4 Nf6
9.Bg3 c6 10.O-O Qa5 11.dxc6 bxc6 12.Qb3 e6 13.Qb7 Rd8 14.Rad1 Qb6 15.Qxb6 axb6
16.Rxd8+ Kxd8 17.Rd1+ Nd5 18.Nxd5 exd5 19.Bb3 h5 20.h3 h4 21.Bh2 Kd7 22.Re1 Bd6
23.Bxd6 Kxd6 24.Kf1 Nf4 25.Bc2 c5 26.Re3 Ra8 27.a3 b5 28.Re1 c4 29.g3 Ne6
30.f4 Rh8 31.Kg2 d4 32.Bf5 Nc5 33.g4 g6 34.Bb1 d3 35.Kf3 Nb3 36.Re4 Nd2+  0-1

[Event "ROM-ch Girls"]
[Site "Singeorz"]
[Date "1993.??.??"]
[Round "?"]
[White "Costescu, Marina"]
[Black "Vasiesiu, Cristina"]
[Result "1-0"]
[WhiteElo "2090"]
[BlackElo "2090"]

1.d4 d5 2.c4 Nc6 3.Nf3 Bg4 4.Nc3 Bxf3 5.gxf3 dxc4 6.d5 Ne5 7.f4 Nd7 8.Qa4 g6
9.Qxc4 Bg7 10.Bg2 Ngf6 11.Be3 O-O 12.O-O Nb6 13.Qb3 Qd6 14.Nb5 Qd7 15.Rfd1 Rfd8
16.Bxb6 cxb6 17.Bh3 Qe8 18.Nc7 Qf8 19.Nxa8 Rxa8 20.Rac1 Ne4 21.Qc2 Nd6 22.e4 Bh6
23.e5 Ne8 24.Qa4 Ng7 25.Rc7 Nh5 26.Bg4 Nxf4 27.d6 exd6 28.exd6 Re8 29.Qxe8 Qxe8
30.Rc8 Qxc8 31.Bxc8 Bg5 32.Bxb7 Kf8 33.d7 Bd8 34.Re1 Ne6 35.Bd5 Ke7 36.Bxe6 fxe6
37.Rd1 g5 38.Kg2 h6 39.Kf3 Kf6 40.Ke4 h5 41.h3 b5 42.b4 h4 43.f3 Ke7 44.f4 gxf4
45.Kxf4 a6 46.Kg4 Kf7 47.Rd6 Ke7 48.Rd3 Kf7 49.Ra3 Ke7 50.Kxh4 Kxd7+ 51.Kg4 Be7
52.Rxa6 Bxb4 53.Rb6 Bd2 54.Rxb5 Kc6 55.Re5 Kd6 56.Re2  1-0

[Event "Rilton Cup op9394"]
[Site "Stockholm"]
[Date "1993.??.??"]
[Round "6"]
[White "Sandstrom, Ludvig"]
[Black "Brynell, Stellan"]
[Result "1/2-1/2"]
[WhiteElo "2300"]
[BlackElo "2470"]

1.d4 d5 2.c4 Nc6 3.Nc3 e5 4.cxd5 Nxd4 5.e3 Nf5 6.Nf3 Bd6 7.Bb5+ Bd7 8.e4 Nfe7
9.Qb3 Rb8 10.Bg5 a6 11.Bxd7+ Qxd7 12.Ne2 h6 13.Be3 Nf6 14.Ng3 Qb5 15.Qxb5+ axb5
16.Ke2 Ra8 17.Rhc1 Kd7 18.Ne1 Ra4 19.b3 Ra3 20.Bc5 Bxc5 21.Rxc5 Rha8 22.Rc2 Ng6
23.Rb2 Nf4+ 24.Kd2 c6 25.dxc6+ bxc6 26.f3 Kc7 27.Ne2 Nxe2 28.Kxe2 Nd7 29.Nc2 R3a7
30.Nb4 c5 31.Rc2 Kd6 32.Nd5  1/2-1/2

[Event "Women-Veterans"]
[Site "Vienna"]
[Date "1993.??.??"]
[Round "?"]
[White "Galliamova, Alisa"]
[Black "Dueckstein, Andreas"]
[Result "1-0"]
[WhiteElo "2445"]
[BlackElo "2350"]

1.d4 d5 2.c4 Nc6 3.Nf3 Bg4 4.cxd5 Bxf3 5.dxc6 Bxc6 6.Nc3 e6 7.a3 Nf6 8.f3 e5
9.dxe5 Qxd1+ 10.Kxd1 O-O-O+ 11.Kc2 Nd7 12.f4 g5 13.b4 a6 14.e3 Nb6 15.Rg1 Bg7
16.a4 f6 17.f5 fxe5 18.b5 axb5 19.axb5 Be8 20.e4 Bf6 21.Be3 Bf7 22.Be2 Nc4
23.Ra8+ Kd7 24.Rd1+ Nd6 25.Ra7 Rb8 26.Bc5 Be7 27.f6 Bf8 28.b6 c6 29.Ba6 Be8
30.Rxb7+ Rxb7 31.Bxb7 Ke6 32.Bxd6 Bxd6 33.Bc8+ Bd7 34.b7 Rxc8 35.bxc8=Q Bxc8
36.f7  1-0

[Event "Vinkovci"]
[Site "Vinkovci"]
[Date "1993.??.??"]
[Round "7"]
[White "Hulak, Krunoslav"]
[Black "Muse, Mladen"]
[Result "0-1"]
[WhiteElo "2535"]
[BlackElo "2485"]

1.d4 d5 2.c4 Nc6 3.Nf3 Bg4 4.Nc3 e6 5.Bg5 Be7 6.Bxe7 Ngxe7 7.cxd5 Nxd5 8.e3 O-O
9.Be2 Nxc3 10.bxc3 Na5 11.Qa4 b6 12.Rd1 Qd6 13.O-O Rfd8 14.Rfe1 Rac8 15.Rd2 Bxf3
16.Bxf3 c5 17.h4 Qd7 18.Qd1 Nc4 19.Rc2 Qa4 20.Qe2 Nd6 21.Rcc1 Qa3 22.Qd2 h6
23.h5 Nc4 24.Qc2 Nd6 25.Qb1 Rc7 26.e4 cxd4 27.cxd4 Rxc1 28.Rxc1 Nb5 29.d5 exd5
30.exd5 Nd4 31.Bg4 Qd6 32.a4 Qxd5 33.Rc7 Qe5 34.Rxa7 Ne2+ 35.Kh1 Re8 36.Qxb6 Qa1+
37.Kh2 Qg1+  0-1

[Event "Zaragoza op"]
[Site "Zaragoza"]
[Date "1993.??.??"]
[Round "?"]
[White "Garcia Palermo, Carlos"]
[Black "Colas, Rafael P"]
[Result "1-0"]
[WhiteElo "2455"]
[BlackElo "2305"]

1.d4 d5 2.c4 Nc6 3.Nc3 dxc4 4.d5 Ne5 5.f4 Ng6 6.e4 e6 7.dxe6 Qxd1+ 8.Kxd1 fxe6
9.Bxc4 Bd7 10.Nf3 O-O-O 11.Kc2 Nf6 12.Ng5 Re8 13.e5 Ng4 14.h3 Nh6 15.g4 Bc5
16.Bd2 Nf8 17.Nce4 Be7 18.Be3 Bc6 19.Rhd1 Nf7 20.Nxf7 Bxe4+ 21.Bd3 Bxd3+
22.Rxd3 Rg8 23.Rad1 Ng6 24.Nd6+ cxd6 25.exd6 Bxd6 26.Rxd6 Rgf8 27.R1d4 Re7
28.Re4 a6 29.Bb6 Rfe8 30.Red4  1-0

[Event "Alcobendas op"]
[Site "Alcobendas"]
[Date "1994.??.??"]
[Round "6"]
[White "Khenkin, Igor"]
[Black "Ferron Garcia, Carlos"]
[Result "1-0"]
[WhiteElo "2580"]
[BlackElo "2330"]

1.d4 d5 2.c4 Nc6 3.Nc3 dxc4 4.Nf3 Nf6 5.Bg5 a6 6.d5 Na5 7.e4 h6 8.Bf4 b5
9.e5 Nh5 10.Be3 g6 11.e6 Bg7 12.g4 Nf6 13.exf7+ Kxf7 14.Ne5+ Kg8 15.Bg2 Nb7
16.Nxg6 Bxg4 17.Bf3 Bxf3 18.Qxf3 Rh7 19.Rg1 Nd6 20.Rd1 Qd7 21.Ne2 Re8 22.Nd4 Nf7
23.Nf5 h5 24.h3 Qd8 25.Kf1 Nd6 26.Nd4 Nf7 27.Nf5 a5 28.Bd4 Nd6 29.Nfxe7+ Rxe7
30.Nxe7+ Qxe7 31.Qxf6 Qxf6 32.Bxf6 Kf7 33.Bxg7 Rxg7 34.Rxg7+ Kxg7 35.Re1 Kf6
36.Re6+ Kf5 37.Ke2 b4 38.Ke3 Nb5 39.Ra6 c3 40.bxc3 Nxc3 41.Rxa5 Ke5 42.f4+ Kd6
43.Kd4 Ne2+ 44.Ke4 Nc3+ 45.Kf5 Nxd5 46.Kg5 c5 47.f5 c4 48.f6 Nc7 49.f7 Ne6+
50.Kf6 Nf8 51.Ra8 Nd7+ 52.Kg7 c3 53.Rd8 c2  1-0

[Event "Aschach op"]
[Site "Aschach"]
[Date "1994.??.??"]
[Round "?"]
[White "Farago, Ivan"]
[Black "Knechtel, Roland"]
[Result "1/2-1/2"]
[WhiteElo "2515"]
[BlackElo "2105"]

1.d4 d5 2.c4 Nc6 3.Nc3 dxc4 4.d5 Ne5 5.f4 Nd7 6.Qa4 a6 7.e4 Rb8 8.Qxc4 Nb6
9.Qd4 e6 10.a4 c5 11.Qe5 Nd7 12.Qg5 Qxg5 13.fxg5 Ne5 14.Bf4 Bd6 15.Bg3 Ne7
16.O-O-O exd5 17.Nf3 Nc4 18.Nxd5 Bxg3 19.hxg3 Nxd5 20.Rxd5 Nb6 21.Re5+ Be6
22.g6 Nd7 23.gxf7+ Ke7 24.Reh5 h6 25.Ne5 Nxe5 26.Rxe5 Kd6 27.Reh5 Bxf7 28.Rf5 Be6
29.Rf4 b5 30.axb5 axb5 31.Rh5 Rhd8 32.Be2 Kc6 33.Bg4 Bxg4 34.Rxg4 Rb7 35.Rg6+ Rd6
36.Rxd6+ Kxd6 37.Kd2 Rf7 38.Ke3 Rf1 39.b4 cxb4 40.Rxb5 Rb1 41.Rb7 g5 42.Kd4 Rd1+
43.Kc4 Rc1+ 44.Kd4 Rd1+ 45.Kc4  1/2-1/2

[Event "AUT-chT2W 9495"]
[Site "Austria"]
[Date "1994.??.??"]
[Round "?.1"]
[White "Bezler, Rainer"]
[Black "Feistenauer, Fred"]
[Result "1-0"]
[WhiteElo "2120"]
[BlackElo "2230"]

1.d4 d5 2.c4 Nc6 3.Nf3 Bg4 4.cxd5 Bxf3 5.gxf3 Qxd5 6.e3 e6 7.a3 Bd6 8.Nc3 Qh5
9.Be2 O-O-O 10.f4 Qh4 11.Bd2 Nge7 12.Bf3 Rhg8 13.b4 g5 14.b5 Nb8 15.Qa4 Qh3
16.Be4 f5 17.Bd3 gxf4 18.Qb3 Rg6 19.O-O-O fxe3 20.fxe3 Nd7 21.Bc4 e5 22.a4 Kb8
23.a5 f4 24.Rhe1 exd4 25.exd4 Nf5 26.Bd5 Ne3 27.Bxe3 fxe3 28.a6 Qxh2 29.Re2 Qf4
30.Bxb7 Nb6 31.Kb1 Rg5 32.Ka1 Rh5 33.Nd5 Nxd5 34.Bxd5 Rh2 35.Qc2 c5 36.bxc6 Kc7
37.Rxh2 Qxh2 38.Qf5 Be7 39.Rb1 Qh6 40.Rb7+  1-0

[Event "GER-ch"]
[Site "Binz"]
[Date "1994.??.??"]
[Round "4"]
[White "Bischoff, Dieter"]
[Black "Hermann, Manfred"]
[Result "1/2-1/2"]
[WhiteElo "2220"]
[BlackElo "2405"]

1.d4 d5 2.c4 Nc6 3.Nf3 Bg4 4.cxd5 Bxf3 5.gxf3 Qxd5 6.e3 e5 7.Nc3 Bb4 8.Bd2 Bxc3
9.bxc3 Qd6 10.f4 exf4 11.e4 Nge7 12.Bg2 O-O 13.e5 Qg6 14.O-O Qf5 15.Rb1 Rab8
16.Kh1 Rfd8 17.Qe2 Nxe5 18.dxe5 f3 19.Bxf3 Rxd2 20.Qxd2 Qxf3+ 21.Kg1 Qg4+  1/2-1/2

[Event "Bucharest op"]
[Site "Bucharest"]
[Date "1994.??.??"]
[Round "3"]
[White "Ionescu, Constantin"]
[Black "Petre, Nad Titus"]
[Result "1-0"]
[WhiteElo "2440"]
[BlackElo "2265"]

1.d4 d5 2.c4 Nc6 3.cxd5 Qxd5 4.e3 e5 5.Nc3 Bb4 6.Bd2 Bxc3 7.bxc3 exd4 8.cxd4 Nf6
9.Nf3 Bg4 10.Be2 Ne4 11.O-O Nxd2 12.Qxd2 O-O 13.Rfc1 Qd6 14.Rc5 Rfe8 15.Rac1 Rac8
16.Qc2 Re7 17.Ng5  1-0

[Event "Budapest FS11 IM-B"]
[Site "Budapest"]
[Date "1994.??.??"]
[Round "5"]
[White "Szabo, Zsolt"]
[Black "Dobos, Jozsef"]
[Result "0-1"]
[WhiteElo "2345"]
[BlackElo "2330"]

1.d4 d5 2.c4 Nc6 3.Nc3 Nf6 4.Nf3 dxc4 5.e4 Bg4 6.Be3 e6 7.Bxc4 Bb4 8.Qd3 O-O
9.a3 Bxc3+ 10.bxc3 Bxf3 11.gxf3 Nh5 12.Qd2 Na5 13.Ba2 c5 14.Rb1 Qf6 15.f4 Rfd8
16.Rg1 Qh4 17.Rg5 b6 18.Ke2 Rac8 19.d5 c4 20.Rbg1 g6 21.R1g4 Qh3 22.f5 exf5
23.exf5 h6 24.fxg6 hxg5 25.Rxg5  0-1

[Event "Budapest FS02 IM-A"]
[Site "Budapest"]
[Date "1994.??.??"]
[Round "5"]
[White "Skomorokhin, Roman"]
[Black "Dutschak, Hauke"]
[Result "1-0"]
[WhiteElo "2395"]
[BlackElo "2305"]

1.d4 d5 2.c4 Nc6 3.cxd5 Qxd5 4.e3 e5 5.Nc3 Qd8 6.d5 Nce7 7.Nf3 Ng6 8.h4 Bd6
9.h5 N6e7 10.e4 h6 11.Bb5+ c6 12.dxc6 bxc6 13.Be2 Nf6 14.Nd2 Bc5 15.Nc4 Bd4
16.f3 Be6 17.Bd2 Rb8 18.Qc2 O-O 19.g4 Qc7 20.Kf1 Nxg4 21.fxg4 f5 22.gxf5 Nxf5
23.Kg2 Nd6 24.Ne3 g6 25.hxg6 Qe7 26.Raf1 Rf4 27.Ng4 Bxg4 28.Bxf4 exf4 29.Bxg4 Qg5
30.Kf3 Nc4 31.Be6+ Kg7 32.Bxc4 Qg3+ 33.Ke2 Rxb2 34.Qxb2 Qg2+ 35.Kd3 Qxb2
36.Kxd4 Qd2+ 37.Bd3 Qe3+ 38.Kc4 Qb6 39.Rf3 Qa6+ 40.Kb3 Qb6+ 41.Kc2 Qa5 42.Rxf4  1-0

[Event "Budapest FS02 IM-A"]
[Site "Budapest"]
[Date "1994.??.??"]
[Round "12"]
[White "Hoang Than Trang"]
[Black "Dutschak, Hauke"]
[Result "1-0"]
[WhiteElo "2260"]
[BlackElo "2305"]

1.d4 d5 2.c4 Nc6 3.Nf3 Bg4 4.Nc3 e6 5.cxd5 exd5 6.Bg5 Qd7 7.e3 Nge7 8.Bb5 Ng6
9.h3 Be6 10.Nh4 a6 11.Bd3 Bd6 12.Qf3 Nge7 13.Bf4 Bb4 14.Qe2 Ng6 15.Nxg6 hxg6
16.Qc2 Be7 17.Qb3 g5 18.Bg3 Na5 19.Qa4 Qxa4 20.Nxa4 Kd7 21.Ke2 b5 22.Nc3 Nc4
23.b3 Nd6 24.Rac1 c6 25.f3 Rae8 26.Kf2 Rhf8 27.Rhd1 f5 28.Be5 Bf6 29.Ne2 g6
30.Rc2 Bg8 31.Rdc1 Rc8 32.a4 Be6 33.axb5 axb5 34.Ra1 Bd8 35.Ra6 Nc4 36.Rc1 Nb6
37.Nc3 Ra8 38.Rca1 Bc7 39.Ra7 Rfc8 40.R1a6 Rxa7 41.Rxa7 Kd8 42.Bf6+ Ke8 43.Bxg5 Nd7
44.Ra6 Bb6 45.Bf4 Ke7 46.Ra1 Rh8 47.Ne2 Rc8 48.Rc1 Nf8 49.Be5 Bd7 50.Nf4 Kf7
51.Ra1 Bc7 52.Bxc7 Rxc7 53.Be2 Ne6 54.Nd3 Ke7 55.h4 c5 56.dxc5 Nxc5 57.Nf4 Nxb3
58.Ra3  1-0

[Event "Cannes op"]
[Site "Cannes"]
[Date "1994.??.??"]
[Round "2"]
[White "Haik, Aldo"]
[Black "Fico, Massimiliano"]
[Result "1-0"]
[WhiteElo "2410"]
[BlackElo "2300"]

1.d4 d5 2.c4 Nc6 3.Nc3 dxc4 4.Nf3 Nf6 5.Qa4 Nd5 6.Ne5 Nb6 7.Nxc6 Qd7 8.Qa5 Qxc6
9.e4 e6 10.Bg5 h6 11.Bh4 Bd7 12.O-O-O a6 13.Be2 g5 14.Bg3 O-O-O 15.h4 Be7
16.Be5 Rhg8 17.hxg5 Rxg5 18.g4 Rg6 19.f4 f5 20.d5 exd5 21.exf5 Bxf5 22.gxf5 Rg3
23.f6 Bc5 24.Rh3 Rxh3 25.Bg4+ Kb8 26.Bxh3 d4 27.Bg2 Qxg2 28.Qxc5 d3 29.Rd2 Qf1+
30.Nd1 Nd5 31.f7 c3 32.bxc3  1-0